000 00272nam a2200109Ia 4500
008 200302s9999 xx 000 0 und d
100 _aBob Bates
245 _aMore Adventures in Acrylics and Oils
260 _bWalter T. Foster Publication
260 _c1920
300 _a35 P.,
999 _c572
_d572